Welcome to CU Library Online Public Access Catalogue (OPAC)

GOD'S BIG PICTURE; (Record no. 6434)

MARC details
000 -LEADER
fixed length control field 00399nam a22001457a 4500
005 - DATE AND TIME OF LATEST TRANSACTION
control field 20250613084149.0
008 - FIXED-LENGTH DATA ELEMENTS--GENERAL INFORMATION
fixed length control field 250613b |||||||| |||| 00| 0 eng d
020 ## - INTERNATIONAL STANDARD BOOK NUMBER
International Standard Book Number 9780851112985
050 ## - LIBRARY OF CONGRESS CALL NUMBER
Classification number BS550
Item number .3 ROB
100 ## - MAIN ENTRY--PERSONAL NAME
Personal name ROBERTS VAUGHAN
245 ## - TITLE STATEMENT
Title GOD'S BIG PICTURE;
Remainder of title TRACING THE STORY-LINE OF THE BIBLE
260 ## - PUBLICATION, DISTRIBUTION, ETC.
Place of publication, distribution, etc. ENGLAND
Name of publisher, distributor, etc. INTER-VARSITY PRESS
Date of publication, distribution, etc. c2003
300 ## - PHYSICAL DESCRIPTION
Extent 160p
942 ## - ADDED ENTRY ELEMENTS (KOHA)
Source of classification or shelving scheme Library of Congress Classification
Koha item type Books
Suppress in OPAC No
999 ## -
-- 6434
-- 6434
Holdings
Withdrawn status Lost status Source of classification or shelving scheme Damaged status Not for loan Collection Home library Current library Shelving location Date acquired Total checkouts Full call number Barcode Date last seen Copy number Price effective from Koha item type
    Library of Congress Classification     Non-fiction Undergraduate Library (Christ Temple) Undergraduate Library (Christ Temple) General stacks 06/13/2025   BS 550.3 ROB ulct00003230 06/13/2025 1 06/02/2025 Books
    Library of Congress Classification     Non-fiction Undergraduate Library (Christ Temple) Undergraduate Library (Christ Temple) General stacks 06/13/2025   BS 550.3 ROB ulct00003231 06/13/2025 2 06/02/2025 Books
© 2023-2024 Copyright: Central University Libraries. All Rights Reserved | Created by: Mahone Tech Office